000 00305nam a2200133Ia 4500
005 20251222153539.0
008 251222s9999||||xx |||||||||||||| ||spa||
020 _a8486939364
082 _a005/O32
245 0 _aConozca su Ordenador
250 _a2da.ed.
264 _bOCU Ediciones, S.A.
942 _cLIB
999 _c30374
_d30374